Physical science
Αποθηκεύτηκε σε:
| Κύριος συγγραφέας: | |
|---|---|
| Μορφή: | Βιβλίο |
| Γλώσσα: | English |
| Δημοσίευση: |
Dubuque :
Wm. C. Brown ,
c1993
|
| Έκδοση: | 2nd ed. |
| Θέματα: | |
| Ετικέτες: |
Προσθήκη ετικέτας
Δεν υπάρχουν, Καταχωρήστε ετικέτα πρώτοι!
|
MARC
| LEADER | 00000nam a2200000 i 4500 | ||
|---|---|---|---|
| 001 | 1/93684 | ||
| 008 | 980821s1993 eng d | ||
| 020 | |a 0-697-13818-6 | ||
| 035 | |l 10008921 | ||
| 040 | |a GR-MY-UA |b gre |e aacr | ||
| 041 | 0 | |a eng | |
| 082 | 0 | |a 500.2 | |
| 100 | 1 | |a Tillery, Bill W. | |
| 245 | 1 | 0 | |a Physical science / |c Bill W. Tillery |
| 250 | |a 2nd ed. | ||
| 260 | |a Dubuque : |b Wm. C. Brown , |c c1993 | ||
| 300 | |a xiv, 618 σ.; |b έγχρ. εικ.; |c 28 εκ. | ||
| 504 | |a Περιέχει ευρετήριο | ||
| 650 | 0 | 0 | |a Physical sciences. |
| 852 | |a INST |b LESVOS |e 19980821 |h 500.2 TIL |p 005100013719 |q 005100013719 |t BK |y 0 | ||
| 909 | |a Λ |b 036426 | ||
| 922 | |a 1ΕΛΗ |b 199409 |c ΧΑΛΒΑΔΑΚΗΣ | ||
| 950 | |a 012-1994-04-11 | ||